| 000 | 00776cam a22002657a 4500 | ||
|---|---|---|---|
| 001 | 2754 | ||
| 005 | 20260114151354.0 | ||
| 020 | _a0792284593 | ||
| 040 |
_aXCX _cXCX _dDLC _beng |
||
| 050 | 0 | 0 |
_a372.21 _b2010 |
| 100 | 1 | _aGibbs, Jephson | |
| 245 | 1 | 0 |
_aFruit salad / _cGibbs, Jephson : illustrated by Adams, Seth |
| 250 | _aPublished by Scholastic Inc | ||
| 260 |
_aNew York ; _bScholastic, _c2010 |
||
| 300 |
_a8 pages : _bcolor illustrations ; _c19 cm . |
||
| 505 | _aAA | ||
| 520 | _aA group of rabbits collect fruit to make a fruit salad. | ||
| 521 |
_a40
_bLexile |
||
| 521 |
_aAA
_bRaz-Plus |
||
| 650 | 0 | _aSalads | |
| 650 | 0 | _aFruit. | |
| 650 | 0 | _aReaders (Primary). | |
| 906 |
_a7 _bcbc _ccopycat _d2 _encip _f20 _gy-gencatlg |
||
| 942 |
_2ddc _cBK _n0 |
||
| 999 |
_c2754 _d2754 |
||